Loading...
| History - American History | 0 | 7 | 0 | 0 | 70 | 50 | 102.86 | 0 | 2 |
| Current Events | 0 | 5 | 1 | 2 | 45 | 48 | 97.20 | 0 | 2 |
| History - European History | 0 | 5 | 1 | 0 | 45 | 63 | 103.80 | 0 | 0 |
| History - Other History | 0 | 4 | 0 | 0 | 40 | 94 | 125.25 | 0 | 1 |
| History - World History | 0 | 4 | 1 | 2 | 35 | 111 | 132.00 | 0 | 0 |
| Social Science | 0 | 3 | 0 | 2 | 30 | 130 | 133.67 | 0 | 0 |
| Literature - British Literature | 0 | 3 | 0 | 1 | 30 | 102 | 130.00 | 0 | 0 |
| Literature - World Literature | 0 | 3 | 0 | 1 | 30 | 137 | 148.00 | 0 | 0 |
| Other Academic | 0 | 2 | 0 | 0 | 20 | 56 | 79.50 | 1 | 1 |
| Philosophy | 0 | 2 | 0 | 0 | 20 | 125 | 127.50 | 0 | 0 |
| Mythology | 0 | 1 | 0 | 0 | 10 | 127 | 127.00 | 0 | 0 |
| Fine Arts - Other Fine Arts | 0 | 1 | 0 | 0 | 10 | 145 | 145.00 | 0 | 0 |
| Religion | 0 | 1 | 1 | 0 | 5 | 101 | 101.00 | 0 | 0 |
| Literature - European Literature | 0 | 0 | 0 | 0 | 0 | 0.00 | 0 | 0 | |
| Fine Arts - Painting & Sculpture | 0 | 0 | 1 | 0 | -5 | 0.00 | 0 | 0 |